Compton's encyclopedia and fact- index.
Đã lưu trong:
| 格式: | 图书 |
|---|---|
| 语言: | Undetermined |
| 出版: |
Chicago
Division of Encyclopedia Britannica
1969
|
| 主题: | |
| 标签: |
添加标签
没有标签, 成为第一个标记此记录!
|
| Thư viện lưu trữ: | Trung tâm Học liệu Trường Đại học Cần Thơ |
|---|
| LEADER | 00462nam a2200157Ia 4500 | ||
|---|---|---|---|
| 001 | CTU_76653 | ||
| 008 | 210402s9999 xx 000 0 und d | ||
| 082 | |a 030 | ||
| 082 | |b C738/Vol.7 | ||
| 245 | 0 | |a Compton's encyclopedia and fact- index. | |
| 260 | |a Chicago | ||
| 260 | |b Division of Encyclopedia Britannica | ||
| 260 | |c 1969 | ||
| 650 | |a Encyclopedias and dictionaries | ||
| 904 | |i Mai Loan,Hải | ||
| 980 | |a Trung tâm Học liệu Trường Đại học Cần Thơ | ||